Logos des clubs de rugby français - Statistiques

Statistiques générales
  • Ce quiz a été pris 301 fois
    221 depuis la dernière actualisation
  • Le résultat moyen est 30 sur 44
Statistiques - réponses
Par images Hint Réponse % Correct
Top 14 Stade Toulousain
100%
Top 14 Stade Français Paris
96%
Top 14 ASM Clermont
94%
Top 14 LOU Rugby
94%
Top 14 RC Toulon
94%
Top 14 Aviron Bayonnais
91%
Top 14 Stade Rochelais
91%
Top 14 USA Perpignan
91%
Top 14 Castres Olympique
88%
Top 14 Section Paloise
88%
Top 14 Union Bordeaux-Bègles
87%
Top 14 Montpellier HR
85%
Top 14 Racing 92
84%
Pro D2 FC Grenoble
82%
Pro D2 CA Brive
81%
Pro D2 Oyonnax Rugby
80%
Top 14 RC Vannes
80%
Pro D2 US Montauban
78%
Pro D2 Biarritz Olympique
75%
Pro D2 Provence Rugby
75%
Pro D2 Stade Montois
71%
Pro D2 Stade Aurillacois
68%
Pro D2 SU Agen
68%
Nationale US Carcassonne
68%
Pro D2 US Dax
68%
Pro D2 AS Béziers
66%
Pro D2 Colomiers Rugby
65%
Pro D2 USON Nevers
64%
Nationale RC Narbonne
63%
Nationale Rouen Normandie Rugby
56%
Pro D2 Stade Niçois
56%
Pro D2 Valence Romans Drôme Rugby
54%
Nationale RC Massy
52%
Nationale SC Albi
51%
Nationale SO Chambéry
50%
Pro D2 Soyaux Angoulême XV
49%
Nationale CS Bourgoin-Jallieu
47%
Nationale Stado Tarbes Pyrénées Rugby
47%
Nationale CA Périgueux
46%
Nationale Niort Rugby Club
43%
Nationale RC Suresnes
36%
Nationale Rennes Étudiants Club Rugby
36%
Nationale US Bressane Pays de l'Ain
34%
Nationale Olympique Marcquois Rugby
30%
Aucun quiz correspondant
Distribution des résultats
% des personnes avec chaque résultat
Percentile par nombre de réponses
Votre historique - résultats
Vous n’avez pas pris ce quiz depuis la dernière actualisation